Statistics for All clubs that ever participated in UEFA Champions League

Click here to take the quiz!

General Stats

  • This quiz has been taken 325 times
    (244 since last reset)
  • The average score is 81 of 140

Answer Stats

CountryAppAnswer% Correct
ITA19Juventus
90%
ENG8Manchester City
90%
ENG22Manchester United
90%
ENG19Arsenal
89%
ENG15Chelsea
89%
ITA12Internazionale
89%
GER22Bayern Munich
88%
ITA17Milan
88%
FRA11Paris Saint-Germain
88%
HOL14Ajax
87%
SPA23Real Madrid
87%
GER13Borussia Dortmund
86%
ENG11Liverpool
86%
FRA15Lyon
86%
SPA23Barcelona
85%
ENG4Tottenham Hotspur
85%
HOL16PSV Eindhoven
84%
SPA9Atlético Madrid
82%
POR14Benfica
82%
POR23Porto
82%
ITA11Roma
82%
ITA5Lazio
81%
FRA9Marseille
80%
SPA11Valencia
79%
BEL12Anderlecht
78%
SCO10Celtic
78%
FRA9Monaco
78%
ITA5Napoli
77%
SCO10Rangers
77%
SPA5Sevilla
76%
CZE7Sparta Prague
76%
RUS12CSKA Moscow
75%
HOL5Feyenoord
75%
BEL6Club Brugge
74%
ENG1Leicester City
74%
FRA5Lille
74%
SRB1Red Star Belgrade
74%
UKR16Dynamo Kyiv
73%
TUR15Galatasaray
73%
AUT2Rapid Wien
73%
GER8Schalke 04
73%
POR8Sporting CP Lisbon
73%
RUS6Zenit Saint Petersburg
73%
GER2Hamburg
70%
AUT1Austria Wien
69%
GER11Bayer Leverkusen
69%
CRO6Dinamo Zagreb
69%
ITA3Fiorentina
69%
GER1RB Leipzig
69%
GER2Wolfsburg
69%
CYP4APOEL Nicosia
68%
TUR7Beşiktaş
67%
DEN4Copenhagen
67%
GRE5AEK Athens
66%
SUI8Basel
66%
FRA4Bordeaux
66%
BEL2Genk
66%
SPA3Villarreal
66%
ENG2Newcastle United
65%
TUR6Fenerbahçe
64%
SWE2Malmö FF
64%
GRE9Panathinaikos
64%
RUS12Spartak Moscow
64%
SUI1Young Boys
64%
SPA2Athletic Bilbao
63%
GER2Borussia Mönchengladbach
63%
ROM7Steaua Bucureşti
63%
GER7Werder Bremen
62%
ENG1Leeds United
61%
BEL1Gent
60%
POL2Legia Warsaw
60%
GRE18Olympiacos
60%
GER3Stuttgart
60%
BLR5BATE Borisov
59%
ITA1Parma
59%
SPA1Real Betis
59%
CZE1Slavia Prague
59%
HOL1AZ Alkmaar
58%
UKR13Shakhtar Donetsk
58%
ENG1Blackburn Rovers
57%
POR2Braga
57%
FRA1Montpellier
57%
SPA5Deportivo La Coruña
56%
ISR2Maccabi Tel Aviv
56%
FRA2Nantes
56%
KAZ1Astana
54%
ITA1Udinese
54%
FIN1HJK Helsinki
53%
SRB2Partizan
53%
SPA2Real Sociedad
53%
NOR11Rosenborg
53%
SPA1Málaga
52%
RUS4Lokomotiv Moscow
51%
BEL1Standard Liège
51%
HOL1Twente
51%
SUI1Zürich
50%
CRO1Hajduk Split
49%
GER1Hertha BSC
49%
AZE1Qarabag
49%
ISR2Maccabi Haifa
48%
ROM3CFR Cluj
47%
HUN1Ferencváros
47%
BGR2Ludogorets Razgrad
45%
SLO3Maribor
45%
AUT3Sturm Graz
45%
RUS2Rubin Kazan
43%
FRA3Auxerre
42%
GER1Hoffenheim
41%
CZE3Viktoria Plzeň
41%
POR2Boavista
40%
SPA1Celta Vigo
40%
SUI2Grasshopper
40%
FRA2Lens
39%
NOR1Molde
39%
ISR1Hapoel Tel Aviv
38%
DEN1Brøndby
37%
BGR1Levski Sofia
37%
TUR1Trabzonspor
36%
GER1Kaiserslautern
35%
SPA1Mallorca
34%
SWE1AIK Stockholm
33%
DEN2Aalborg BK
31%
HOL1Heerenveen
28%
TUR1Bursaspor
27%
HUN1Debrecen
27%
RUS1Rostov
27%
HOL1Willem II
27%
SWE4IFK Göteborg
22%
CYP1Anorthosis
20%
DEN1Nordsjælland
20%
SUI1Thun
19%
POL1Widzew Łódź
19%
SVK1Žilina
19%
ROM1Oțelul Galați
18%
ROM1Unirea Urziceni
16%
SVK1Košice
15%
BEL1Lierse
15%
SWE1Helsingborg
14%
SVK1Artmedia Petržalka
13%
AUT1Casino Salzburg
9%

Score Distribution

Percentile by Number Answered

Percent of People with Each Score

Your Score History

You have not taken this quiz since the last reset